000 00870nac a22002657a 4500
001 BR8202325
003 BR-BrBNA
005 20240105115309.0
008 230509b bl.|||m| |||| 00| 0 por d
040 _aBR-BrBNA
_bpor
_cBiblioteca Nacional de Agricultura
072 _aE15
090 _aE15 BR8202325
100 1 _aGarcia, A.E.B.
110 1 _aInstituto de Economia Agricola, Sao Paulo, SP (Brasil)
_96029
245 1 _aArrendamento e parceria agricola no estado de Sao Paulo, 1920-69 [Brasil]
260 3 _aSao Paulo, SP (Brasil):
_c1982.
300 _a62 p.
490 _aRelatorio de Pesquisa - Instituto de Economia Agricola (Brazil)
_vno. 4
_x
500 _a24 tables; 26 ref.; Summaries (En, Pt)
650 _aARRENDAMENTO
650 _aPARCERIA
650 _aSAO PAULO
909 _a202312
_bLúcia Elande
_c55
_dLúcia Elande
942 _2AGRIS
_n0
_cMS
999 _c274130
_d274130